000
00211 a2200097 4500
001
52520
100
_a
McGuinnes G
245
_a
House Wife's Diet Books
260
_a
London
_b
Fontana
_c
090
_c
33007
_d
33007
942
_a
NUST-CAE
_c
M
_c
25567
999
_c
287593
_d
287593